00510 2200181 4500245003900000020002200039250001100061100001800072700001900090650001700109005001900126260002900145041001400174084001100188300002900199500009100228336000900319 aCatatan JuangcFiersa BesarihText a978-979-794-549-7 aCet. 4 aFiersa Besari aJuliagar R. N. aNovel Remaja a20230929083643 aJakartabMediakitac2018 aIndonesia a808.83 avi, 306 hal. ., 19 cm. : aSeseorang yang akan menemani seiap langkahmu dengan satu kebaikan kecil setiap harinya atext